Countries with Largest Percentage of medals at Winter Olympics - Statistics

General Stats
  • This quiz has been taken 52 times
  • The average score is 19 of 26
Answer Stats
Hint Answer % Correct
71.3% Norway
98%
25.9% Sweden
96%
36.5% Finland
94%
*31.1% ROC
91%
44.9% Switzerland
91%
72.2% Austria
89%
*100% Olympic Athletes from Russia
89%
22.1% Russia
89%
40.8% Canada
87%
29.0% Germany
85%
18.6% Italy
83%
18.2% Estonia
81%
31.3% Netherlands
79%
32.3% Latvia
77%
33.0% Czech Republic
74%
100% Liechtenstein
70%
23.8% Slovakia
68%
46.2% Slovenia
68%
19.0% Belarus
66%
21.2% Croatia
66%
40% Luxembourg
64%
21.6% South Korea
64%
*17.0% Unified Team
53%
16.1% Soviet Union
51%
21.2% East Germany
43%
16.0% West Germany
32%
No matching quizzes found
Score Distribution
Percent of People with Each Score
Percentile by Number Answered
Your Score History
You have not taken this quiz